Dis-moi - BB Brunes - Statistiques

Statistiques générales
  • Ce quiz a été pris 322 fois
  • Le résultat moyen est 206 sur 244
Statistiques - réponses
Hint Réponse % Correct
Dis
98%
moi
98%
à
97%
À
97%
Je
97%
je
97%
ne
97%
pas
97%
tu
97%
de
96%
ou
96%
96%
quand
96%
Quand
96%
si
96%
ça
93%
suis
93%
Un
93%
part
92%
se
92%
toi
92%
en
91%
dois
90%
fou
90%
partir
90%
aimes
89%
| . Une
89%
elle
88%
que
88%
Car
87%
Des
87%
des
87%
m'appartiens
87%
ses
87%
envie
86%
plus
86%
comme
84%
et
83%
hou
83%
rumeurs
82%
bas
81%
légère
81%
disent
80%
violence
80%
adolescentes
79%
Houna
78%
sa
75%
qu'un
74%
vendre
73%
homme
72%
la
72%
cache
71%
me
70%
les
69%
Les
69%
qu'une
69%
vrai
69%
pense
67%
pour
65%
fais
64%
femmes
63%
rien
62%
veux
62%
bras
60%
ces
60%
dans
60%
relace
60%
place
59%
trois
59%
frange
58%
sautiller
57%
d'autre
56%
belles
55%
tout
55%
cris
54%
gars
54%
graves
52%
m'atteint
52%
dérange
51%
descente
51%
non
51%
point
50%
tirent
50%
violente
50%
cela
48%
mords
48%
ferai
47%
lorsque
47%
l'enfant
46%
redemandent
46%
jambes
44%
t'embrasses
44%
m'attaches
42%
n'm'appartiens
42%
voyeurs
41%
craquerais
40%
Aucun quiz correspondant
Distribution des résultats
% des personnes avec chaque résultat
Percentile par nombre de réponses
Votre historique - résultats
Vous n’avez pas pris ce quiz